1197 1380 1247 1084 1664 1769 1126 1097 1655 1110 1400 1703 1544 1068 1359 1798 1984 1300 1055 1037 1166 1389 1188 1428 1679 1897 1299 1233 1491 1120 1895 1407 1097 1108 1091 1871 1953 1550 1747 1984 1517 1505 1480 1659 1040 1822 1698 1813 1937 1948 1066 1286 1078 1159 1815 1252 1022 1147 1496 1474 1586 1470 1525 1078 1203 1489 1845 1287 1611 1749 1589 1757 1759 1113 1711 1791 1883 1580 1544 1869 1685 1016 1132 1452 1751 1168 1202 1951 1830 1215 1651 1838 1266 1941 1076 1557 1166 1289 1877 BCNSPRNW ULIB Ver.6.0+V

เปลี่ยนเป็นภาษาไทย

Change to English
 แสดงรายละเอียดบรรณานุกรม
  กลับหน้าหลัก

Brief Record : Get Marc (ISO 2709) : E-mail record : QR code < ปิดหน้าต่าง
LEADER : 00000nam 2200000uu 4500
001    13399115245
003     ULIB
008    020711s2542 th a 000 0 tha d
020    ^a9747888688
060  0 ^aWA670^bช647ส 2542
100    ^aชูชัย ศุภวงศ์ บรรณาธิการ
245    ^aสถานการณ์และด้านสุขภาพอนามัยสิ่งแวดล้อมในประเทศไทยจากอดีตสู่ปัจจุบัน
250    ^aพิมพ์ครั้งที่ 1
260    ^aไซเบอร์ เพรส :^bม.ป.ท.,^c2542
650    สถานการณ์และแนวโน้ม^xปัญหาอนามัยสิ่งแวดล้อม
945    ^p0^l0^i8633
999 ^a ใช้งานได้ทุกระบบ
รายการนี้ยังไม่มีแท็ก
คุณยังไม่ได้ล็อกอิน คุณสามารถมีกิจกรรมร่วมกับเว็บไซต์ได้ แต่ต้องล็อกอินก่อน ::
  ล็อกอิน

รายการสื่อสารสนเทศ

ลำดับที่ ประเภท เลขเรียก/บาร์โค้ด สถานที่ สถานะ
- ไม่พบข้อมูล -

BibComment


ยังไม่เคยถูกคอมเมนท์

คอมเมนท์ทรัพยากรรายการนี้
  คอมเมนท์: สถานการณ์และด้าน..


 Copyright 2026. Bcnsprnw @Library